00432nam a2200133Ia 4500003000900000008004100009020002700050040001600077100002000093245006700113260003200180300002000212856006600232IN-BaIIA211028s9999 xx s 000 0 eng d a9781510602205 (Online) cIIA Library aPathak, Anirban 0aOptical Quantum Information and Quantum Communicationh[eBook] aWashington, USAbSPIEc2016 aOnline resource uhttps://doi.org/10.1117/3.2240896yClick Here to Access eBook